00936nam a2200193 a 450000500170000000800410001702000180005805000240007624500560010026000350015630000170019144000380020850000200024652003090026665000110057565000220058699900190060895201150062720140412111312.0010326s19uu xx 00 eng d a0-7835-1311-9 aREF 170bC54He v.12 aThe heart of winter :ba book about helping people. aAsia :bTime Life Asia,c1997. a32 p. ; ill. aA Child's First Library of Values aw/ casette tape aOne dark night a stranger knocks at the door of a kind hearted old day and asks her to help save his sick child. The old lady sets out into the snowy night without thinking of herself or her oown hardship. Later, when the child is cured, the old lady finds that helping others can bring its own rewards. aValues aHelping - Fiction c104028d104028 001040aELbELcREFd2001-03-26eLib. Fundl0oREF 170 C54He v.12pE6288r2014-04-12 00:00:00w2014-04-12yBK